000 00874nam a2200253Ia 4500
003 OSt
005 20220923223404.0
006 a|||||r|||| 00| 0
007 ta
008 220922b |||||||| |||| 00| 0 hin d
024 _a214,619
037 _cTextual
040 _aARTS
_cARTS
_bhin
041 _2hin
_ahin
082 _aO152,2N081,PA:g, K0
100 _aखेनजा, रमेशकुमारी
_9156365
245 0 _aपन्ना
_b कथ्य और शिल्प
246 _aPannā: kathya aur shilpa
260 _aदिल्ली
_b कान्वेंट पब्लिकेशन्स
_c1960
300 _a875 पृ.
_ccm.
650 _aहिन्दी साहित्य
_9156264
942 _hO152,2N081,PA:g, K0
_cTEXL
_2CC
999 _c364550
_d364550